Normal view
MARC view
Entry Nombre personal
001 - NÚMERO DE CONTROL
- campo de control: 54809
003 - IDENTIFICADOR DEL NÚMERO DE CONTROL
- campo de control: BNPHU
005 - FECHA Y HORA DE LA ÚLTIMA TRANSACCIÓN
- campo de control: 20240313135413.0
008 - DATOS DE LONGITUD FIJA
- campo de control de longitud fija: 200615|| aca||aabn | a|a d
010 ## - NÚMERO DE CONTROL DE LA BIBLIOTECA DEL CONGRESO
- Número de control de LC: n 99282469
040 ## - FUENTE DE LA CATALOGACIÓN
- Centro catalogador/agencia de origen: DO-SdBNP
- Lengua de catalogación: spa
- Centro/agencia transcriptor: BNPHU
- Normas de descripción: rda
100 1# - ENCABEZAMIENTO-NOMBRE DE PERSONA
- Nombre de persona: Córdova, Cuqui,
- Fechas asociadas al nombre: 1929-2020
400 1# - TRAZADO DE VÉASE--NOMBRE DE PERSONA
- Nombre de persona: Córdova, C.
- Fechas asociadas al nombre: 1929-2020
670 ## - FUENTE DE DATOS ENCONTRADOS
- Cita de la fuente: Work cat.: (OSt)27224: Córdova, Cuqui, 1929-, Guayubín Olivo :, 2006.
670 ## - FUENTE DE DATOS ENCONTRADOS
- Cita de la fuente: Historia de los Leones Rojos del Escogido, 1921-1996, c1999
